| 000 | 00886nam a22002177a 4500 | ||
|---|---|---|---|
| 001 | EIF-II-1995-M4-013 | ||
| 003 | OSt | ||
| 005 | 20230109151453.0 | ||
| 008 | 221031b |||||||| |||| 00| 0 eng d | ||
| 040 | _cFundación Jesús Pereda | ||
| 041 | _aCastellano | ||
| 100 |
_aRodríguez González, José Javier _9183 |
||
| 111 |
_992 _aEncuentro de Investigadores del Franquismo _c(Alicante. _d1995. _n2º) |
||
| 245 |
_aEl discurso eclesiástico en la Guerra Civil a través de un período falangista de la provincia de León: _bPROA _c/José Javier Rodríguez González |
||
| 650 | 0 |
_9132 _aIglesia católica |
|
| 650 | 0 |
_9109 _aGuerra civil |
|
| 651 | 0 |
_9184 _aLeón |
|
| 773 |
_tActas del II Encuentro de Investigadores del Franquismo. Tomo 2 _g223-230 p. |
||
| 856 | _uhttps://bibliotecaccoocyl.fundacionjesuspereda.es/cgi-bin/koha/opac-retrieve-file.pl?id=bdc35fb064fef87420faa731dbf0509a | ||
| 942 |
_2ddc _cCF _n0 |
||
| 999 |
_c54 _d54 |
||